Statistics for NFL QB Depth Chart 2021

Click here to take the quiz!

General Stats

  • This quiz has been taken 67 times
  • The average score is 63 of 102

Answer Stats

HintAnswer% Correct
CINJoe Burrow
100%
NEMac Jones
100%
GBAaron Rodgers
98%
CLEBaker Mayfield
98%
PITBen Roethlisberger
98%
NYGDaniel Jones
98%
LVDerek Carr
98%
BUFJosh Allen
98%
MINKirk Cousins
98%
BALLamar Jackson
98%
ATLMatt Ryan
98%
TENRyan Tannehill
98%
TBTom Brady
98%
NYJZach Wilson
98%
CINBrandon Allen
96%
DETJared Goff
96%
WASKyle Allen
96%
LARMatthew Stafford
96%
KCPatrick Mahomes
96%
SEARussell Wilson
96%
MIATua Tagovailoa
96%
DALDak Prescott
94%
CHIJustin Fields
94%
LACJustin Herbert
94%
JAXTrevor Lawrence
94%
CARCam Newton
92%
SFJimmy Garoppolo
92%
ARIKyler Murray
92%
DENTeddy Bridgewater
92%
SEAGeno Smith
90%
NOJameis Winston
90%
PHIJalen Hurts
88%
CARSam Darnold
88%
NOTaysom Hill
88%
CHIAndy Dalton
86%
PHIGarner Minshew II
86%
GBJordan Love
86%
INDCarson Wentz
84%
DENDrew Lock
84%
SFTrey Lance
84%
HOUDavis Mills
82%
HOUTyrod Taylor
82%
NYJJoe Flacco
80%
PITMason Rudolph
80%
BUFMitch Trubisky
78%
WASRyan Fitzpatrick
76%
LVMarcus Mariota
73%
NYJMike White
73%
WASTaylor Heinicke
73%
CLECase Keenum
71%
ARIColt Mccoy
71%
NEBrian Hoyer
69%
MIAJacoby Brissett
69%
KCChad Henne
67%
HOUDeshaun Watson
67%
NOTrevor Siemian
67%
BALTyler Huntley
65%
PITDwayne Haskins
61%
CHINick Foles
61%
DALCooper Rush
59%
CARPJ Walker
59%
PITJoshua Dobbs
55%
TBKyle Trask
55%
NEJarrett Stidham
51%
NYGMike Glennon
51%
LARJohn Wolford
49%
TBBlaine Gabbert
47%
ATLJosh Rosen
47%
FA/NYJJosh Johnson
43%
LACChase Daniel
37%
FA/CLENick Mullens
37%
DETTim Boyle
37%
DETDavid Blough
35%
NOIan Book
35%
MINKellen Mond
35%
INDSam Ehlinger
35%
FA/GBBlake Bortles
33%
JAXCJ Beathard
33%
FA/NEGarret Gilbert
29%
DENBrett Rypien
27%
MINSean Mannion
24%
LACEaston Stick
22%
ATLFeleipe Franks
22%
FA/MIAJake Luton
22%
SEAJacob Eason
20%
DALWill Grier
20%
LARBryce Perkins
16%
FA/LARDelvin Hodges
16%
TENLogan Woodside
16%
CARMatt Barkley
16%
FA/INDBrett Hundley
14%
ARIChris Streveler
12%
FA/HOURyan Finley
12%
FA/TENDeshone Kizer
10%
FA/SFNate Sudfeld
10%
FA/LVNathen Peterman
10%
PHIReid Sinnett
6%
KCShane Buechele
6%
FA/PITJames Morgan
4%
ATLAJ Mccaron
2%
FA/KCAnthony Gordan
2%
MINNate Stanley
2%

Score Distribution

Percentile by Number Answered

Percent of People with Each Score

Your Score History

You have not taken this quiz